[Event "Ricany op 20th"]
[Site "Ricany"]
[Date "2022.08.27"]
[Round "1"]
[White "Konvalinka, Vladislav"]
[Black "Dudek, Vojtech"]
[Result "0-1"]
[WhiteElo "1764"]
[BlackElo "2144"]
[PlyCount "60"]
[EventDate "2022.08.27"]
[EventType "swiss"]
[EventRounds "9"]
[EventCountry "CZE"]
[SourceTitle "CBM 210 Extra"]
[Source "ChessBase"]
[SourceDate "2022.11.30"]
[SourceVersion "1"]
[SourceVersionDate "2022.11.30"]
[SourceQuality "1"]

1. d4 Nf6 2. c4 c5 3. Nf3 cxd4 4. Qxd4 Nc6 5. Qd3 e5 6. Qc2 d5 7. cxd5 Nxd5 8. a3 Be7 9. e4 Nc7 10. Be2 0-0 11. 0-0 Ne6 12. Nc3 Ned4 13. Nxd4 Nxd4 14. Qd3 Be6 15. Qg3 Nxe2+ 16. Nxe2 Kh8 17. Be3 Qa5 18. Nc3 Bb3 19. Nb1 Bc4 20. Rc1 Rac8 21. Nd2 Be6 22. Nf3 f5 23. Ne1 Qb5 24. b4 a5 25. Bd2 axb4 26. axb4 Qe2 27. Qe3 Qxe3 28. fxe3 Bd7 29. Nd3 Bc6 30. Nf2 fxe4 0-1

[Event "Pardubice Czech op-E 33rd"]
[Site "Pardubice"]
[Date "2022.07.16"]
[Round "4.4"]
[White "Dudek, Vojtech"]
[Black "Daniel, Damian"]
[Result "1-0"]
[WhiteElo "2006"]
[BlackElo "2172"]
[PlyCount "131"]
[EventDate "2022.07.14"]
[EventType "team-swiss"]
[EventRounds "7"]
[EventCountry "CZE"]
[SourceTitle "CBM 209 Extra"]
[Source "ChessBase"]
[SourceDate "2022.09.30"]
[SourceVersion "1"]
[SourceVersionDate "2022.09.30"]
[SourceQuality "1"]
[WhiteTeam "Vlasim Spartak"]
[BlackTeam "Kamikadze"]
[WhiteTeamCountry "CZE"]
[BlackTeamCountry "POL"]

1. d4 d6 2. e4 g6 3. Nc3 Bg7 4. Nf3 Nd7 5. Bc4 e6 6. Bg5 Ne7 7. Qd2 h6 8. Bf4 a6 9. a4 Nf6 10. 0-0 g5 11. Bg3 Nh5 12. Rad1 Ng6 13. Ne2 0-0 14. Ne1 Nxg3 15. Nxg3 Bd7 16. a5 Kh7 17. Nh5 Bh8 18. c3 f5 19. exf5 exf5 20. f4 g4 21. Nc2 Bb5 22. Qd3 Qd7 23. Ne3 Rae8 24. Bxb5 Qxb5 25. c4 Qd7 26. Ng3 Nh4 27. Nxg4 Qc6 28. Rd2 Rf7 29. Ne3 Ref8 30. Nd5 Qd7 31. Re2 c5 32. dxc5 dxc5 33. Rfe1 Bd4+ 34. Kh1 Ng6 35. b3 Qd8 36. Qf3 Qh4 37. Re6 Qg4 38. Qxg4 fxg4 39. Ne2 Nh4 40. Nxd4 cxd4 41. Rd1 Nf5 42. Kg1 Kg7 43. Kf2 Rc8 44. Ke2 Rc5 45. Ra1 Rc6 46. Rxc6 bxc6 47. Nb4 Rb7 48. Nxa6 Rxb3 49. Nc5 Re3+ 50. Kd2 Nd6 51. a6 Nxc4+ 52. Kd1 Nb6 53. a7 Na8 54. Ra6 Re7 55. Kd2 Rf7 56. Kd3 Rf6 57. g3 Rd6 58. Nb7 Re6 59. Nc5 Rd6 60. Nb3 Rd7 61. Rxc6 Rxa7 62. Nxd4 Rf7 63. Ke4 Rf6 64. Nf5+ Kg6 65. Rxf6+ Kxf6 66. Nxh6 1-0

[Event "CZE-chT U18 Extraliga Ost 1819"]
[Site "Czech Republic"]
[Date "2019.01.19"]
[Round "7.4"]
[White "Dudek, Vojtech"]
[Black "Zeman, Daniel"]
[Result "1-0"]
[WhiteElo "2002"]
[BlackElo "1851"]
[PlyCount "96"]
[EventDate "2018.10.05"]
[EventType "team-tourn"]
[EventRounds "11"]
[EventCountry "CZE"]
[SourceTitle "EXT 2023"]
[Source "ChessBase"]
[SourceDate "2022.10.05"]
[SourceVersion "1"]
[SourceVersionDate "2022.10.05"]
[SourceQuality "1"]
[WhiteTeam "Vlasim (U18)"]
[BlackTeam "Policka Stefanydes (U18)"]
[WhiteTeamCountry "CZE"]
[BlackTeamCountry "CZE"]

1. e4 c5 2. Nf3 d6 3. d4 cxd4 4. Qxd4 a6 5. c4 Nc6 6. Qd1 g6 7. Be3 Bg7 8. Nc3 Nf6 9. h3 0-0 10. Be2 Nd7 11. Rc1 b6 12. 0-0 Bb7 13. Qd2 Re8 14. Rfd1 Rc8 15. Nd5 Nc5 16. Qc2 Ne5 17. Nxe5 Bxe5 18. b4 Nd7 19. Qd3 Bxd5 20. cxd5 b5 21. a4 bxa4 22. Qxa6 Ra8 23. Ba7 Bb2 24. Rc2 a3 25. Bb5 Rf8 26. Bc6 Rc8 27. b5 f5 28. b6 Nc5 29. Rxc5 dxc5 30. b7 Rb8 31. Bxb8 Qxb8 32. d6 exd6 33. Rxd6 fxe4 34. Bxe4 Qe8 35. Qc4+ Kh8 36. Ra6 Qe5 37. Ra8 Rb8 38. Qd5 Kg7 39. Qd7+ Kh6 40. Ra4 Qc3 41. Bd3 Qe1+ 42. Bf1 Rf8 43. Rh4+ Kg5 44. Qg4+ Kf6 45. Qf4+ Ke7 46. Qxf8+ Kxf8 47. b8Q+ Qe8 48. Qxe8+ Kxe8 1-0